Manual de redação oficial / (Record no. 1198)

MARC details
000 -LÍDER
Campo Fixo de Controle 00726nam a2200229 a 4500
001 - NÚMERO DE CONTROLE
Campo de Controle 1198
003 - IDENTIFICAÇÃO DO NÚMERO DE CONTROLE
Campo de Controle BR-CuiBMT
005 - DATA E HORA DA ÚLTIMA ATUALIZAÇÃO
Campo de Controle 20231130234055.0
008 - DADOS FIXOS
Dados Fixos 231113s2014 dfba 001 0 por d
040 ## - AGÊNCIA CATALOGADORA
Código da Agência Catalogadora BR-CuiBMT
Agência que transcreveu o registro BR-CuiBMT
080 ## - Nº DA CLASSIFICAÇÃO DECIMAL UNIVERSAL
Nº Class. CDU 811.134.3
Subd. Auxiliar Comum '38
-- (044.4)
Nº edição CDU 2007
090 ## - NÚMERO DE CHAMADA
Nº classificação 811.134.3'38(044.4)
Cutter D614m
Ano/Edição 2. ed.
110 1# - ENTRADA PRINCIPAL -- ENTIDADE
Nome da entidade ou lugar Distrito Federal (Brasil).
Unidade subordinada Tribunal de Contas.
245 10 - TÍTULO PRINCIPAL
Título principal Manual de redação oficial /
Subtítulo Tribunal de contas - Distrito Federal.
250 ## - EDIÇÃO
Edição 2. ed.
260 ## - PUBLICAÇÃO, DISTRIBUIÇÃO, ETC.
Local de publicação Brasília :
Editora DIPLAN,
Data 2014.
300 ## - DESCRIÇÃO FÍSICA
N. páginas ou volumes 268 p. :
Ilustrações il. ;
Dimensões 23 cm
504 ## - NOTA DE BIBLIOGRAFIA, ETC.
Nota de bibliografia Inclui bibliografia e índice.
650 ## - ASSUNTO TÓPICO
Cabeçalho tópico ou nome geográfico Redação oficial
Subdivisão geral Aspectos gerais
650 ## - ASSUNTO TÓPICO
Cabeçalho tópico ou nome geográfico Elementos de gramática
942 ## - ELEMENTOS DE ENTRADA ADICIONAIS (KOHA)
Fonte de classificação ou esquema de arquivamento Classificação Decimal Universal
Tipo de item do Koha Livros
Holdings
Estado: removido Estado: perdido Fonte de classificação ou esquema de arquivamento Estado: danificado Indisponível para empréstimo Localização permanente Localização atual Data de aquisição Total Checkouts Número de Chamada completo Código de barras Date last seen Número do exemplar Preço efetivo a partir de Tipo de item (Koha)
    Classificação Decimal Universal     Biblioteca da Escola Superior de Contas do TCE/MT Biblioteca da Escola Superior de Contas do TCE/MT 30/11/2023   811.134.3'38(044.4) D614m BIBTCEMT23111424 30/11/2023 Ex. 1 30/11/2023 Livros

Powered by Koha